000 00562nam a22001577a 4500
999 _c535515
_d535515
020 _qHard Cover.
082 _a624.1
100 _aMazher, Khwaja Mateen
245 _aFactors influencing mark-up size decision of medium and large size contractors in Pakistan /
_cKhwaja Mateen Mazher.
260 _aIslamabad:
_bNIT NUST,
_c2012.
300 _a99 p. :
_bill. ;
_c30cm.
942 _2ddc
_cTHE
650 _aConstruction Engineering and Management MS-Thesis.
_917023
700 _aDr. Rafiq Muhammad
_929461